00355nam a2200121Ia 4500008004100000020002200041041000800063082002500071100003700096245004000133260005100173300000900224230519s9999 xx 000 0 und d a978-93-86827-13-5 aeng aR/610.724/PAN/DB0774 aPandita Ramesh & Singh Shivendra aInformation Literacy and Plagiarism bCBS Publishers & DistributorsaNew Delhic2018 a189p